000
00267nam a22001217a 4500
008
181018b xxu||||| |||| 00| 0 eng d
041
_a
eng
080
_a
610
100
_a
4
101
_a
SHM
245
_a
Speech And Hearing Therapy
_c
Irwin.R.B
942
_2
udc
_c
BK
999
_c
50100
_d
50100